[Event "ESP-ch"]
[Site "Torrevieja"]
[Date "1997.10.05"]
[Round "8"]
[White "Garcia Ilundain, David"]
[Black "Estremera Panos, Sergio"]
[Result "1/2-1/2"]
[WhiteElo "2495"]
[BlackElo "2430"]

1.d4 Nf6 2.Nf3 e6 3.c4 b6 4.g3 Ba6 5.Qb3 Nc6 6.Nbd2 Na5 7.Qa4 c5 8.e4 Bb7
9.d5 exd5 10.cxd5 Qe7 11.Be2 O-O-O 12.O-O Nxd5 13.Re1 Nc7 14.Bf1 Ne6 15.b4 cxb4
16.Bb2 Kb8 17.Nd4 Nxd4 18.Bxd4 Qd6 19.Be3 Qc6 20.Bb5 Qe6 21.Nb3 Nc6 22.a3 bxa3
23.Bf4+ Bd6 24.Bxd6+ Qxd6 25.Red1 Qe7 26.Rxa3 Rhe8 27.Bxc6 dxc6 28.Rb1 Kc7
29.f3 a5 30.Raa1 Qb4 31.Qa2 Re7 32.Rb2 Red7 33.Kg2 Rd1 34.Rxd1 Rxd1 35.Nd2 Qd4
36.Nf1 Kb8 37.Rf2 Qd7 38.Ne3 Rd4 39.Qb2 Ka7 40.Nd5 Rxd5 41.exd5 Qxd5 42.Qxg7 h5
43.Qc3 c5 44.Rd2 Qf5 45.h4 Qe6 46.Qd3 Bc8 47.Kf2 Qh3 48.Qd6 Qh2+ 49.Ke3 Qg1+
50.Kf4 Bb7 51.Qd3 Qa1 52.Ke3 Qg1+ 53.Kf4 Qa1  1/2-1/2

[Event "Owens Corning"]
[Site "Wrexham"]
[Date "1997.10.21"]
[Round "8"]
[White "Donaldson, John W"]
[Black "Davies, Nigel R"]
[Result "1/2-1/2"]
[WhiteElo "2430"]
[BlackElo "2505"]

1.d4 Nf6 2.c4 e6 3.Nf3 b6 4.g3 Ba6 5.b3 Bb7 6.Bg2 Bb4+ 7.Bd2 Be7 8.Nc3 O-O
9.O-O Na6 10.Ne5 Bxg2 11.Kxg2 Qb8 12.e4 Qb7 13.Qf3 Nb4 14.Bg5  1/2-1/2

[Event "Hellir op"]
[Site "Reykjavik"]
[Date "1997.10.26"]
[Round "3"]
[White "Engqvist, Thomas"]
[Black "Olafsson, Helgi"]
[Result "1/2-1/2"]
[WhiteElo "2355"]
[BlackElo "2505"]

1.d4 Nf6 2.Nf3 e6 3.c4 b6 4.g3 Ba6 5.b3 d5 6.cxd5 exd5 7.Bg2 Bd6 8.O-O O-O
9.Nc3 Re8 10.Re1 Nbd7 11.Nh4 c6 12.a3 Rc8 13.Bh3 Ne4 14.Nxe4 dxe4 15.Nf5 Bf8
16.Ne3 Rc7 17.Nc4 Nf6 18.Bb2 Nd5 19.Rc1 e3 20.f3 Bc8 21.Bg2 f6 22.b4 Bf5
23.Qb3 Qd7 24.Red1 h5 25.Bc3 h4 26.Be1 hxg3 27.hxg3 Qf7 28.Nb2 g5 29.a4 Nxb4
30.Qxf7+ Kxf7 31.d5 Nc2 32.g4 Nxe1 33.gxf5 Nxg2 34.Kxg2 Ba3 35.Rc2 Bxb2 36.Rxb2 Rd7
37.Rh1 Rxd5 38.Rh7+ Kf8 39.Rxa7 b5 40.axb5 cxb5 41.Rb7 Ree5 42.Kg3 Rd2 43.R7xb5 Rxb5
44.Rxb5 Rxe2 45.Rb6 Ke7 46.Re6+ Kf7 47.Re4 Re1 48.Re6 Kg7 49.Re7+ Kh6 50.Re8 Rg1+
51.Kh3 Rh1+ 52.Kg3 Rh4 53.Rxe3 Rf4 54.Re6 Rxf5 55.Rc6 Rf4 56.Rb6 Kg6 57.Ra6 Rd4
58.Rb6 Rd2 59.Ra6 Kf5 60.Ra5+ Ke6 61.Ra6+ Ke5 62.Ra5+ Ke6 63.Ra6+ Kf7 64.Ra5 Kg6
65.Ra6 Rd4 66.Rb6 Rf4 67.Ra6 Kh5 68.Ra8 Rf5 69.Ra6 Kg6 70.Rb6 Ra5 71.Rb8 f5
72.Rg8+ Kf6 73.Rf8+ Kg7 74.Rb8 Ra2 75.Rb6 Kf7 76.Rc6 Rb2 77.Ra6 Re2 78.Rb6 Re6
79.Rb5 Kf6 80.Rb8 Re2 81.Rb6+ Kg7 82.Ra6 Kf7 83.Rb6 Re3 84.Rb7+ Kg6 85.Rb6+ Kh5
86.Kf2 Rc3 87.Rb2 Kh4 88.Kg2 f4 89.Ra2 g4 90.fxg4 Kxg4 91.Kf1 Rf3+ 92.Kg2 Rg3+
93.Kf1 Rh3 94.Rg2+ Kf3 95.Rf2+ Ke4 96.Re2+ Kd3 97.Re8 Rf3+ 98.Kg2 Re3 99.Rf8 Rg3+
100.Kf2 Ke4 101.Re8+  1/2-1/2

[Event "WchT 4th"]
[Site "Luzern"]
[Date "1997.10.29"]
[Round "5"]
[White "Dizdar, Goran"]
[Black "Anastasian, Ashot"]
[Result "1-0"]
[WhiteElo "2545"]
[BlackElo "2545"]

1.d4 Nf6 2.Nf3 e6 3.c4 b6 4.g3 Ba6 5.Nbd2 Bb4 6.Qc2 c5 7.Bg2 Nc6 8.dxc5 Bxc5
9.a3 Bb7 10.O-O O-O 11.b4 Be7 12.Bb2 Rc8 13.Rfd1 h6 14.Rac1 Qc7 15.Qb1 Rfd8
16.Qa1 a5 17.b5 Nb8 18.Nf1 Ne8 19.Ne3 Bxf3 20.exf3 Bf6 21.f4 Qc5 22.f5 Bxb2
23.Qxb2 Qe7 24.Qd4 Rc5 25.fxe6 fxe6 26.Rc2 d6 27.Re2 Nd7 28.f4 Qf7 29.f5 Ndf6
30.fxe6 Qxe6 31.Rde1 Qe5 32.Qd3 Qh5 33.Nd5 Nxd5 34.Bxd5+ Kh8 35.Bf3 Qf7 36.Re7 Qf8
37.Bd5 Rc7 38.R7e6 Nf6 39.Qg6 Rf7 40.Bc6 Rc7 41.Qd3 Rf7 42.Qd4 d5 43.cxd5 Qxa3
44.d6 Kh7 45.d7 Rdxd7 46.Bxd7 Rxd7 47.Qxb6 Rd2 48.Qe3 Qa2 49.Rxf6 gxf6 50.Qe4+  1-0

[Event "RUS-Cup01 Chigorin mem"]
[Site "St Petersburg"]
[Date "1997.11.04"]
[Round "4"]
[White "Bets, Anatolij"]
[Black "Eliseev, Alexey"]
[Result "1/2-1/2"]
[WhiteElo "2350"]
[BlackElo "2300"]

1.d4 Nf6 2.c4 e6 3.Nf3 b6 4.g3 Ba6 5.b3 Bb4+ 6.Bd2 Be7 7.Bg2 c6 8.Bc3 d5
9.Ne5 O-O 10.O-O Nfd7 11.Nxd7 Nxd7 12.Nd2 Rc8 13.e4 dxc4 14.bxc4 b5 15.Re1 Nb6
16.cxb5 cxb5 17.Qb3 Na4 18.Bb4 Bxb4 19.Qxb4 Rc2 20.Rec1 Rb2 21.Nb3 Qf6 22.f3 Qh6
23.Qe1 b4 24.Qxb4 Qe3+ 25.Kh1 Rxg2 26.Kxg2 Qe2+ 27.Kg1 Qe3+ 28.Kg2 Qe2+  1/2-1/2

[Event "RUS-Cup01 Chigorin mem"]
[Site "St Petersburg"]
[Date "1997.11.06"]
[Round "6"]
[White "Shipov, Sergei"]
[Black "Obukhov, Alexander"]
[Result "1-0"]
[WhiteElo "2575"]
[BlackElo "2405"]

1.d4 Nf6 2.c4 e6 3.Nf3 b6 4.g3 Ba6 5.b3 Bb4+ 6.Bd2 Be7 7.Bg2 d5 8.cxd5 exd5
9.Nc3 O-O 10.O-O Bb7 11.Bc1 Na6 12.Bb2 Re8 13.Rc1 Bf8 14.Ne5 c5 15.Nd3 Qe7
16.dxc5 bxc5 17.Na4 Rac8 18.Bxf6 gxf6 19.e3 Red8 20.Qg4+ Kh8 21.Rfd1 Rc7
22.Nf4 Qe5 23.Nd3 Qe7 24.Qf4 Bc8 25.Naxc5 Nb8 26.b4 Rd6 27.Nb3 Rxc1 28.Rxc1 Ba6
29.Ndc5 Bc4 30.Bf1 Rb6 31.a3 Bxf1 32.Kxf1 Nd7 33.Nxd7 Qxd7 34.Kg2 Rc6 35.Rxc6 Qxc6
36.Nd4 Qa6 37.b5 Qb6 38.a4 h6 39.Qf5 Qd6 40.a5 Bg7 41.Qc8+ Kh7 42.Qc6 Qe5
43.Qc2+ Kg8 44.b6 axb6 45.axb6 Bf8 46.b7 Bd6 47.Qc8+  1-0

[Event "Budapest FS11 IM-B"]
[Site "Budapest"]
[Date "1997.11.07"]
[Round "6"]
[White "Mann, Gerald"]
[Black "Rodriguez Lopez, Rafael"]
[Result "0-1"]
[WhiteElo "2275"]
[BlackElo "2325"]

1.d4 Nf6 2.c4 e6 3.Nf3 b6 4.g3 Ba6 5.b3 Bb4+ 6.Bd2 Be7 7.Bg2 c6 8.Bf4 d5
9.O-O O-O 10.Nbd2 Nbd7 11.Qc2 Rc8 12.Qb2 Bb7 13.b4 Nh5 14.Ne5 Nxe5 15.dxe5 Nxf4
16.gxf4 f5 17.Rfd1 Qe8 18.cxd5 cxd5 19.a3 Ba6 20.Nf3 Bc4 21.Nd4 Qg6 22.Rac1 b5
23.Nxe6 Rfe8 24.Nd4 Qg4 25.Qd2 a5 26.Rc3 axb4 27.Rg3 Qh5 28.axb4 Kh8 29.Bh3 Bh4
30.Bxf5 Bxg3 31.hxg3 Ra8 32.Kg2 Ra2 33.Bc2 h6 34.Rh1 Qg4 35.Rh4 Qc8 36.Qe3 Qa8
37.Bg6 Rxe2 38.Nxe2 d4+ 39.Be4 dxe3 40.Bxa8 Rxa8 41.Nc1 Bd5+ 42.f3 Rc8 43.Rh1 Rc2+
44.Kh3 Bxf3 45.Re1 h5 46.Kh4 e2 47.Kg5 Rd2 48.e6 Kg8 49.f5 Kf8 50.Kg6 Rd1
51.Rxe2 Rxc1 52.Re3 Bc6 53.e7+ Ke8 54.Kxg7 Rc4 55.Re6 Bd7 56.Re5 Rxb4 57.Rd5 Rg4+
58.Kf6 Rxg3 59.Rxd7 Kxd7 60.Kf7 Rc3  0-1

[Event "AUT-chT2O 9798"]
[Site "Austria"]
[Date "1997.11.09"]
[Round "3"]
[White "Kummer, Helmut"]
[Black "Farago, Ivan"]
[Result "0-1"]
[WhiteElo "2380"]
[BlackElo "2445"]

1.d4 Nf6 2.c4 e6 3.Nf3 b6 4.g3 Ba6 5.b3 d5 6.cxd5 exd5 7.Bg2 Bd6 8.O-O O-O
9.Bb2 Re8 10.Re1 Nbd7 11.Nc3 c6 12.Rc1 Rc8 13.Nd2 Bf8 14.a3 Bb7 15.e4 dxe4
16.Ncxe4 Nd5 17.Nc4 N7f6 18.Ne5 Nxe4 19.Bxe4 g6 20.Qd3 Rc7 21.Re2 Bg7 22.Rec2 c5
23.f4 Bf8 24.Bg2 Qc8 25.dxc5 Bxc5+ 26.Rxc5 Rxc5 27.Nc4 f6 28.Rd1 Qe6 29.Qd4 Qe2  0-1

[Event "Budapest FS11 IM-B"]
[Site "Budapest"]
[Date "1997.11.09"]
[Round "8"]
[White "Izsak, Gyula"]
[Black "Rodriguez Lopez, Rafael"]
[Result "1-0"]
[WhiteElo "2405"]
[BlackElo "2325"]

1.d4 Nf6 2.Nf3 e6 3.c4 b6 4.g3 Ba6 5.Qc2 Bb7 6.Bg2 c5 7.O-O cxd4 8.Nxd4 Bxg2
9.Kxg2 Bc5 10.Nf3 Nc6 11.Nc3 O-O 12.Bg5 Be7 13.Rad1 Qc8 14.b3 h6 15.Bxf6 Bxf6
16.Ne4 Be7 17.Nd6 Qb8 18.Nb5 Rd8 19.Nbd4 Nxd4 20.Rxd4 Bf6 21.Rd3 Qb7 22.Rfd1 Rac8
23.Qd2 d6 24.a4 a6 25.Kg1 Be7 26.Nd4 d5 27.cxd5 Rxd5 28.Nf3 Rxd3 29.Qxd3 Bf6
30.Qe3 b5 31.Rc1 Rd8 32.axb5 Qxb5 33.Rc4 Rb8 34.Qd3 g6 35.Nd2 Kg7 36.Qc2 h5
37.h4 Rd8 38.Ne4 Bd4 39.e3 Ba1 40.Rc7 Rd7 41.Rxd7 Qxd7 42.Nc5 Qd6 43.b4 Be5
44.Qe4 Bf6 45.Qc4  1-0

[Event "Bayern-chI Bank Hofmann"]
[Site "Bad Wiessee"]
[Date "1997.11.19"]
[Round "5"]
[White "Schlosser, Philipp"]
[Black "Timmermans, Ivo"]
[Result "1/2-1/2"]
[WhiteElo "2550"]
[BlackElo "2225"]

1.d4 Nf6 2.Nf3 e6 3.c4 b6 4.g3 Ba6 5.b3 Bb4+ 6.Bd2 Be7 7.Nc3 c6 8.e4 d5 9.cxd5 cxd5
10.e5 Ne4 11.Bxa6 Nxc3 12.Bxc3 Nxa6 13.O-O O-O 14.Ne1 Rc8 15.Bd2 Qd7 16.Qg4 Kh8
17.Nd3 Rc2 18.Rfd1 Rfc8 19.Nf4 Nc7 20.Ng2 Nb5 21.Ne1 R2c6 22.Rac1 Nc3 23.Rxc3 Rxc3
24.Bxc3 Rxc3 25.Qe2 Kg8 26.Kg2 a5 27.Rd2 g6 28.Rc2 Qc6 29.Rxc3 Qxc3 30.Nf3 Kg7
31.Qb5  1/2-1/2

[Event "Bayern-chI Bank Hofmann"]
[Site "Bad Wiessee"]
[Date "1997.11.19"]
[Round "5"]
[White "Kempinski, Robert"]
[Black "Epishin, Vladimir"]
[Result "1-0"]
[WhiteElo "2530"]
[BlackElo "2570"]

1.d4 Nf6 2.c4 e6 3.Nf3 b6 4.g3 Ba6 5.b3 Bb4+ 6.Bd2 Be7 7.Bg2 c6 8.Bc3 d5
9.Ne5 Bb7 10.O-O O-O 11.Nd2 Nbd7 12.Nxd7 Qxd7 13.e4 a5 14.Qc2 b5 15.exd5 exd5
16.Nf3 Qc7 17.Ne5 c5 18.dxc5 bxc4 19.bxc4 Bxc5 20.Rab1 Rac8 21.Qf5 Bb4 22.Ba1 dxc4
23.Bxb7 Qxb7 24.a3 c3 25.axb4 axb4 26.Qf3 Ne4 27.Rfc1 c2 28.Rb3 Rc7 29.Nd3 Nd2
30.Qxb7 Rxb7 31.Rb2 b3 32.Rcxc2 bxc2 33.Rxb7 Re8 34.Rc7 Nf3+ 35.Kg2 Nd2 36.Rxc2 Nb3
37.Bb2  1-0

[Event "Bayern-chI Bank Hofmann"]
[Site "Bad Wiessee"]
[Date "1997.11.19"]
[Round "5"]
[White "Hertneck, Gerald"]
[Black "Dautov, Rustem"]
[Result "1-0"]
[WhiteElo "2525"]
[BlackElo "2595"]

1.d4 Nf6 2.c4 e6 3.Nf3 b6 4.g3 Ba6 5.Nbd2 c5 6.Bg2 Nc6 7.Ne5 Nxd4 8.e3 Nf5
9.Bxa8 Qxa8 10.O-O Bd6 11.Nef3 h5 12.Re1 Ne4 13.Nxe4 Qxe4 14.Nd2 Qc6 15.b3 h4
16.Qf3 hxg3 17.hxg3 Bb7 18.Qxc6 Bxc6 19.e4 Nd4 20.Bb2 Nc2 21.Bxg7 Rh7 22.Bf6 Rh6
23.Bg7 Rh7 24.Bf6 Nxa1 25.Bxa1 f5 26.Kg2 Kf7 27.f3 fxe4 28.Nxe4 Be7 29.Be5 Kg6
30.Nd6 a6 31.a4 Rh5 32.Nc8 Bd8 33.Bf4 Rf5 34.Nd6 Rf8 35.Ne4 d5 36.Nf2 dxc4
37.Ng4 Kh7 38.Rxe6 Bd5 39.Rd6 Bf7 40.Rh6+ Kg8 41.Be5 Bd5 42.Rh8+ Kf7 43.Rxf8+ Kxf8
44.Ne3 Bc6 45.Nxc4 Bd5 46.Kf2 Kf7 47.f4 b5 48.axb5 axb5 49.Nd6+ Ke6 50.Nxb5 Bxb3
51.g4 Ba4 52.Nc3 Bh4+ 53.Ke3 Bc2 54.Ne2 Be1 55.Bb2 Kd6 56.f5 c4 57.Nd4 Bb1
58.Nb5+ Kc5 59.Nc3 Bd3 60.Ba3+ Kc6 61.Bb4 Bg3 62.Kd4 Kd7 63.Ne4  1-0

[Event "Maroczy mem"]
[Site "Szeged"]
[Date "1997.11.19"]
[Round "6"]
[White "Lalic, Bogdan"]
[Black "Sax, Gyula"]
[Result "1/2-1/2"]
[WhiteElo "2600"]
[BlackElo "2570"]

1.d4 Nf6 2.c4 e6 3.Nf3 b6 4.g3 Ba6 5.b3 Bb7 6.Bg2 Bb4+ 7.Bd2 a5 8.O-O O-O
9.Nc3 d6 10.Qc2 Nbd7 11.Rfe1 Bxc3 12.Bxc3 Be4 13.Qb2 c6 14.a4 d5 15.Bf1 Qb8
16.Nd2 Bg6 17.e3  1/2-1/2

[Event "Bayern-chI Bank Hofmann"]
[Site "Bad Wiessee"]
[Date "1997.11.20"]
[Round "6"]
[White "Dautov, Rustem"]
[Black "Rohrmueller, Ulrich"]
[Result "1-0"]
[WhiteElo "2595"]
[BlackElo "2230"]

1.d4 Nf6 2.Nf3 e6 3.c4 b6 4.g3 Ba6 5.b3 Bb4+ 6.Bd2 Be7 7.Bg2 d5 8.cxd5 exd5
9.O-O O-O 10.Nc3 c6 11.Ne5 Nfd7 12.f4 Nxe5 13.dxe5 Nd7 14.Re1 Rc8 15.Qc2 d4
16.Ne4 Nc5 17.Nf2 d3 18.exd3 Nxd3 19.Nxd3 Bxd3 20.Qb2 Qd7 21.Bc3 Qe6 22.Rad1 Bf5
23.Bf3 Rfd8 24.Qe2 Qg6 25.Bh5 Bc5+ 26.Kg2 Be4+ 27.Qxe4 Qxh5 28.Rxd8+ Rxd8
29.Qxc6 Qf5 30.Qe4 Qxe4+ 31.Rxe4 a5 32.Re2 Rd3 33.Be1 Rd1 34.g4 Kf8 35.Bg3 Rd3
36.f5 Ke7 37.h3 a4 38.bxa4 Ra3 39.Rd2 Ke8 40.Bh4 Be7 41.f6 gxf6 42.Bxf6 Rxa4
43.Kg3 Ra3+ 44.Kh4 h6 45.Rb2 Bc5 46.Rh2 Be3 47.Kh5 Bf4 48.Rh1 Kd7 49.Rd1+ Kc8
50.h4 Rxa2 51.Rd8+ Kc7 52.Rf8 Re2 53.Rxf7+ Kc6 54.Bg7 Bg3 55.Rf6+ Kc5 56.Rf3 Be1
57.Rf5 Kd5 58.Bxh6 Rxe5 59.Bg7 Rxf5+ 60.gxf5 b5 61.Kg5  1-0

[Event "Bayern-chI Bank Hofmann"]
[Site "Bad Wiessee"]
[Date "1997.11.21"]
[Round "7"]
[White "Grabarczyk, Miroslaw"]
[Black "Hellmayr, Alois"]
[Result "1/2-1/2"]
[WhiteElo "2480"]
[BlackElo "2220"]

1.d4 Nf6 2.c4 e6 3.Nf3 b6 4.g3 Ba6 5.b3 Bb4+ 6.Bd2 Be7 7.Bg2 d5 8.Ne5 c6
9.Bc3 Nfd7 10.Nxd7 Nxd7 11.Nd2 f5 12.O-O O-O 13.Rc1 Rc8 14.a4 g5 15.Rc2 Qe8
16.e3 g4 17.Qe2 Nf6 18.b4 h5 19.b5 Bb7 20.Rfc1 Qd7 21.Bb2 cxb5 22.axb5 dxc4
23.Bxb7 Qxb7 24.Nxc4 Qd5 25.Ne5 Rxc2 26.Rxc2 Bd6 27.Nc6 Rf7 28.Qc4 Qf3 29.Qe2 Qe4
30.d5 Nxd5 31.Rc4 Qb1+ 32.Rc1 Qe4 33.Rc4 Qb1+ 34.Kg2 h4 35.gxh4 Rh7 36.Be5 Bc5
37.e4 Ne7 38.exf5 Nxf5 39.Bg3 Rf7 40.Rxg4+ Kf8 41.Rf4 Qb3 42.Kh3 Qd5 43.Qh5 Rg7
44.Rg4 Rxg4 45.Kxg4 Bd4 46.Kh3 a5 47.Bf4 Qxb5 48.Bh6+ Bg7 49.Bxg7+ Kxg7 50.Qg5+ Kh7
51.Qh5+ Kg7 52.Qg5+ Kh7 53.Qh5+ Kg7 54.Qg5+  1/2-1/2

[Event "Bayern-chI Bank Hofmann"]
[Site "Bad Wiessee"]
[Date "1997.11.21"]
[Round "7"]
[White "Rogozenko, Dorin"]
[Black "Epishin, Vladimir"]
[Result "0-1"]
[WhiteElo "2490"]
[BlackElo "2570"]

1.d4 Nf6 2.c4 e6 3.Nf3 b6 4.g3 Ba6 5.Nbd2 d5 6.Bg2 Be7 7.cxd5 exd5 8.Qa4+ Qd7
9.Qc2 Qc6 10.Qd1 Nbd7 11.O-O O-O 12.Re1 Rad8 13.a3 Ne4 14.Nf1 Rfe8 15.Bf4 Qb7
16.Ne5 c5 17.Nd2 Ndf6 18.Ndf3 Bd6 19.Nd3 c4 20.Nde5 b5 21.b4 Qc7 22.Qc1 Bb7
23.Nh4 Nh5 24.Nf5 Nxf4 25.gxf4 Bf8 26.Ng3 a5 27.Nd3 Bd6 28.Nc5 Bxf4 29.e3 Nxc5
30.bxc5 Bxg3 31.hxg3 b4 32.Rb1 b3 33.Qc3 h5 34.Bf3 h4 35.gxh4 Re6 36.Kf1 Qh2
37.Ke2 Rde8 38.Rh1 Rxe3+ 39.Qxe3 Rxe3+ 40.Kxe3 Qc7  0-1

[Event "Bar"]
[Site "Bar"]
[Date "1997.11.28"]
[Round "10"]
[White "Skembris, Spyridon"]
[Black "Sokolov, Andrei"]
[Result "1/2-1/2"]
[WhiteElo "2470"]
[BlackElo "2585"]

1.d4 Nf6 2.c4 e6 3.Nf3 b6 4.g3 Ba6 5.b3 Bb4+ 6.Bd2 Be7 7.Bg2 c6 8.Bc3 d5
9.Ne5 Ne4 10.O-O O-O 11.Bb2 Bb7 12.Qc2 f5 13.Nc3 Nd7 14.cxd5 cxd5 15.Nxe4 Nxe5
16.Nf6+ Rxf6 17.dxe5 Rf7 18.Rac1 Rc8 19.Qd2 Bc5 20.Rc2 Rfc7 21.Rfc1 Bb4 22.Qd1 Rxc2
23.Rxc2 Rxc2 24.Qxc2 Qc8  1/2-1/2

[Event "AUT-chT2O 9798"]
[Site "Austria"]
[Date "1997.12.07"]
[Round "5"]
[White "Kummer, Helmut"]
[Black "Miniboeck, Guenter"]
[Result "1-0"]
[WhiteElo "2380"]
[BlackElo "2360"]

1.d4 Nf6 2.c4 e6 3.Nf3 b6 4.g3 Ba6 5.Qa4 Bb7 6.Bg2 c5 7.O-O cxd4 8.Nxd4 Bxg2
9.Kxg2 Qc7 10.Rd1 a6 11.f3 Qb7 12.Nc3 Be7 13.e4 O-O 14.Bf4 Nh5 15.Be3 d6
16.Rd2 Rc8 17.Rc1 Nd7 18.Nde2 Nhf6 19.Bf4 Ne8 20.Rcd1 Rc7 21.e5 Nxe5 22.Bxe5 dxe5
23.Rd8 b5 24.Rxa8 bxa4 25.Rxe8+ Bf8 26.Rdd8 h6 27.Rxf8+ Kh7 28.Rb8 Qa7 29.h4 h5
30.c5 Qxc5 31.g4 hxg4 32.h5 gxf3+ 33.Kxf3 e4+ 34.Kg2 Qxh5 35.Rh8+ Kg6 36.Nf4+  1-0

[Event "AUT-chT2O 9798"]
[Site "Austria"]
[Date "1997.12.08"]
[Round "6"]
[White "Polak, Tomas"]
[Black "Farago, Ivan"]
[Result "1/2-1/2"]
[WhiteElo "2445"]
[BlackElo "2470"]

1.d4 Nf6 2.c4 e6 3.Nf3 b6 4.g3 Ba6 5.b3 Bb4+ 6.Bd2 Be7 7.Bg2 d5 8.Bc3 c6
9.Ne5 Nfd7 10.Nxd7 Nxd7 11.Nd2 O-O 12.O-O Rb8 13.e4 b5 14.Re1 bxc4 15.bxc4 dxc4
16.Qa4 Bb4 17.Qc2 e5  1/2-1/2

[Event "Schahin Cury"]
[Site "Americana"]
[Date "1997.??.??"]
[Round "9"]
[White "Sorin, Ariel"]
[Black "Leitao, Rafael"]
[Result "1/2-1/2"]
[WhiteElo "2460"]
[BlackElo "2515"]

1.d4 Nf6 2.c4 e6 3.Nf3 b6 4.g3 Ba6 5.Qa4 Bb7 6.Bg2 c5 7.O-O cxd4 8.Nxd4 Qc8
9.Rd1 a6 10.Nc3 Bxg2 11.Kxg2 Qb7+ 12.f3 Be7 13.Bg5 h6 14.Bxf6 Bxf6 15.Rd3 O-O
16.Rad1 Rc8 17.Qb3 Rc7 18.Ne4 Be7 19.g4 Nc6 20.Nxc6 Qxc6 21.Nd6 Raa7 22.Kf1 Qc5
23.Ne8 Rc8 24.Nd6 Rcc7 25.Ne8 Rcb7 26.Qc3 Bf8 27.Nd6 Bxd6 28.Rxd6 b5 29.b3 Rc7
30.Qd4 Qa3 31.c5 Qxc5 32.Qxc5 Rxc5 33.Rxd7 Rxd7 34.Rxd7 Rc2 35.a4 bxa4 36.bxa4 Rc4
37.h4 h5 38.gxh5 Rxa4 39.e4 Ra2 40.Ra7 a5 41.Ra8+ Kh7 42.Ra7 f6 43.e5 fxe5
44.Re7 a4 45.Rxe6 a3 46.Ra6 Kg8 47.Ra7 Ra1+ 48.Kg2 Kf8  1/2-1/2

[Event "Terres Catalanes 15th"]
[Site "Ampuriabrava"]
[Date "1997.??.??"]
[Round "6"]
[White "Izeta Txabarri, Felix"]
[Black "Spraggett, Kevin"]
[Result "0-1"]
[WhiteElo "2525"]
[BlackElo "2575"]

1.d4 Nf6 2.Nf3 e6 3.c4 b6 4.g3 Ba6 5.b3 Bb4+ 6.Bd2 Be7 7.Bg2 O-O 8.O-O d5
9.Ne5 Bb7 10.Nc3 Nbd7 11.cxd5 exd5 12.Bf4 c6 13.Rc1 Re8 14.e4 Nf8 15.Be3 Ne6
16.f4 Rc8 17.exd5 cxd5 18.Qd3 Nc7 19.Rfd1 Bb4 20.Bd2 Ba6 21.Qf3 Qd6 22.Be1 Bb7
23.Qd3 a5 24.Kh1 g6 25.h3 Kg7 26.Kh2 Bxc3 27.Bxc3 Ne4 28.Be1 f6 29.Nf3 Na6
30.Qb1 Nb4 31.a3 Nc6 32.b4 axb4 33.axb4 Ne7 34.Rxc8 Bxc8 35.Rc1 Nf5 36.Qb3 h5
37.h4 Bd7 38.Qc2 Ne3 39.Qc7 Qe6 40.Ng1 Rc8  0-1

[Event "EU-ch Rapid (Women)"]
[Site "Athens"]
[Date "1997.??.??"]
[Round "3"]
[White "Jiretorn, Eva"]
[Black "Jahn, Constanze"]
[Result "0-1"]
[WhiteElo "2080"]
[BlackElo "2180"]

1.d4 Nf6 2.c4 e6 3.Nf3 b6 4.g3 Ba6 5.Nbd2 Bb4 6.Qc2 c5 7.Bg2 Nc6 8.dxc5 bxc5
9.O-O O-O 10.b3 Rc8 11.Bb2 d5 12.cxd5 exd5 13.Rfe1 Ne4 14.Nxe4 dxe4 15.Red1 Qe7
16.Ne1 e3 17.f4 Nd4 18.Bxd4 cxd4 19.Qe4 Qxe4 20.Bxe4 Bc3 21.Rab1 Bxe2 22.Rdc1 Rfe8
23.Bd3 Bxd3 24.Nxd3 e2 25.Kf2 Re3 26.Ne1 Rce8 27.Ng2 R3e4 28.Rxc3 dxc3 29.Ne1 f6
30.Rc1 Re3 31.b4 R3e4 32.Rxc3 Rxb4 33.Rc7 Ra4 34.Rc2 Ra3 35.Rb2 Re7 36.Nc2 Ra4
37.Ne1 Kf7 38.h3 h5 39.Nd3 Rd7 40.Ne1 h4 41.gxh4 Rxf4+ 42.Kg3 Rf1  0-1

[Event "EU-ch Rapid"]
[Site "Athens"]
[Date "1997.??.??"]
[Round "10"]
[White "Boensch, Uwe"]
[Black "Ryan, Joseph"]
[Result "1-0"]
[WhiteElo "2540"]
[BlackElo "2245"]

1.d4 e6 2.c4 Nf6 3.Nf3 b6 4.g3 Ba6 5.Nbd2 c5 6.Bg2 Bb7 7.e4 cxd4 8.Nxd4 Nc6
9.e5 Ng8 10.O-O Qc7 11.Nb5 Qb8 12.Ne4 a6 13.Nbd6+ Bxd6 14.Nxd6+ Kf8 15.Qh5 g6
16.Bh6+ Nxh6 17.Qxh6+ Ke7 18.Qg5+  1-0

[Event "NZD-ch"]
[Site "Auckland"]
[Date "1997.??.??"]
[Round "4"]
[White "Wastney, Scott"]
[Black "Sutherland, John"]
[Result "1-0"]
[WhiteElo "2100"]
[BlackElo "2085"]

1.d4 Nf6 2.Nf3 e6 3.c4 b6 4.g3 Ba6 5.b3 Bb4+ 6.Bd2 Be7 7.Bg2 c6 8.O-O d5
9.Nc3 O-O 10.Re1 Nbd7 11.e4 dxc4 12.Bf1 c5 13.e5 Nd5 14.Nxd5 exd5 15.bxc4 Bxc4
16.Bxc4 dxc4 17.d5 Qb8 18.Qc2 b5 19.a4 a6 20.d6 Bd8 21.Qe4 Nb6 22.Reb1 b4
23.a5 c3 24.Bxc3 Nd7 25.Bxb4 cxb4 26.Rxb4 Qc8 27.Rc4 Qb8 28.Rb1 Qxb1+ 29.Qxb1 Bxa5
30.Qf5 Rad8 31.e6 fxe6 32.Qxa5  1-0

[Event "NZD-ch"]
[Site "Auckland"]
[Date "1997.??.??"]
[Round "10"]
[White "Wastney, Scott"]
[Black "Sinclair, Mark"]
[Result "1-0"]
[WhiteElo "2100"]
[BlackElo "2265"]

1.d4 Nf6 2.Nf3 e6 3.c4 b6 4.g3 Ba6 5.b3 Bb7 6.Bg2 Bb4+ 7.Bd2 a5 8.O-O O-O
9.Bf4 d5 10.a3 Bd6 11.Qd2 dxc4 12.bxc4 Qe7 13.Bxd6 cxd6 14.Nc3 Rc8 15.Qd3 Ba6
16.Nb5 Bxb5 17.cxb5 Ra7 18.Rfc1 Rac7 19.Qd2 Ne4 20.Qb2 Nc3 21.Bf1 Nd7 22.e3 Nf6
23.Ne1 e5 24.dxe5 dxe5 25.Rc2 Na4 26.Rxc7 Qxc7 27.Qb3 Qc3 28.Qa2 Rd8 29.Nf3 Ne4
30.Re1 h6 31.Qc4 Nd2 32.Qxc3 Nxf3+ 33.Kg2 Nh4+ 34.gxh4 Nxc3 35.Rc1 Rc8 36.Bd3 Rc5
37.f3 Kf8 38.Kf1 Ke7 39.Ke1 Kd6 40.Kd2 Nxb5 41.Rg1 Kc6 42.a4 Nc3 43.Ra1 Nd5
44.Rg1 g6 45.h5 g5 46.h4 f6 47.hxg5 fxg5 48.Ra1 Kd6 49.Rb1 Nb4 50.Be4 Rc4
51.Rb3 Kc5 52.Rb1 Kd6 53.Bg6 Rh4 54.Rd1 Rh2+ 55.Kc3+ Kc7 56.Kc4 Rb2 57.Bf5 Rh2
58.Kb5 Rb2 59.Rd7+ Kb8 60.Rd8+ Ka7  1-0

[Event "AUT-chT2W 9798"]
[Site "Austria"]
[Date "1997.??.??"]
[Round "5"]
[White "Ferrari, Josef"]
[Black "Grundherr, Martin"]
[Result "1/2-1/2"]
[WhiteElo "2125"]
[BlackElo "2340"]

1.d4 Nf6 2.c4 e6 3.Nf3 b6 4.g3 Ba6 5.b3 Bb4+ 6.Bd2 Be7 7.Bg2 c6 8.O-O O-O
9.Bc3 d5 10.Nbd2 Bb7 11.Qc2 c5 12.Rfd1 Nbd7 13.Rac1 Qc7 14.Qb1 Rfd8 15.Bb2 dxc4
16.Nxc4 Be4 17.Qa1 Qb7 18.dxc5 Nxc5 19.Rxd8+ Rxd8 20.Rd1 Rxd1+ 21.Qxd1 Qd7
22.Qxd7 Ncxd7 23.Nfd2 Bxg2 24.Kxg2  1/2-1/2

[Event "AUT-chT2S 9697"]
[Site "Austria"]
[Date "1997.??.??"]
[Round "8"]
[White "Fassl, Erich"]
[Black "Reichmann, Egon"]
[Result "0-1"]
[WhiteElo "2275"]
[BlackElo "2220"]

1.d4 Nf6 2.c4 e6 3.Nf3 b6 4.g3 Ba6 5.b3 Bb4+ 6.Bd2 Be7 7.Bg2 Bb7 8.O-O O-O
9.Nc3 Na6 10.Ne1 Bxg2 11.Nxg2 d5 12.Be3 Qd7 13.a3 dxc4 14.bxc4 Rfd8 15.Qb3 c5
16.d5 exd5 17.Nxd5 Nxd5 18.Rad1 Nac7 19.cxd5 Qf5 20.Bc1 Nxd5 21.e4 Qxe4 22.Rfe1 c4
23.Qa2 Qf3 24.Qxc4 Bc5 25.Ne3 Nxe3 26.Rxd8+ Rxd8 27.fxe3 Rd1 28.Rxd1 Qxd1+
29.Kg2 h5 30.Qc3 Qe2+ 31.Kh3 Qf1+ 32.Kh4 Be7+ 33.Kxh5 Qh3+  0-1

[Event "AUT-chT2W 9697"]
[Site "Austria"]
[Date "1997.??.??"]
[Round "9"]
[White "Hager, Franz"]
[Black "Kelecevic, Nedeljko"]
[Result "1-0"]
[WhiteElo "2240"]
[BlackElo "2480"]

1.d4 Nf6 2.c4 e6 3.Nf3 b6 4.g3 Ba6 5.b3 Bb4+ 6.Bd2 Be7 7.Bg2 c6 8.Ne5 d5
9.Bc3 Nfd7 10.Nxd7 Nxd7 11.Nd2 f5 12.O-O O-O 13.e3 Rc8 14.Rc1 b5 15.Re1 bxc4
16.bxc4 Nb6 17.Ba5 Qe8 18.c5 Nd7 19.f4 g5 20.g4 Qg6 21.fxg5 Bxg5 22.gxf5 exf5
23.Nf3 Bf6 24.Kh1 Kh8 25.Rg1 Rg8 26.Bf1 Bxf1 27.Rxg6 Bh3 28.Rxg8+ Rxg8 29.Qe2  1-0

[Event "AUT-chT2W 9697"]
[Site "Austria"]
[Date "1997.??.??"]
[Round "9"]
[White "Bachmayr, Peter"]
[Black "Kostic, Vladimir"]
[Result "1/2-1/2"]
[WhiteElo "2305"]
[BlackElo "2420"]

1.d4 Nf6 2.Nf3 e6 3.c4 b6 4.g3 Ba6 5.b3 Bb7 6.Bg2 Bb4+ 7.Bd2 a5 8.O-O O-O
9.Nc3 d6 10.Qc2 Nbd7 11.a3 Bxc3 12.Bxc3 Ne4 13.Ng5 Qxg5 14.Bxe4 Bxe4 15.Qxe4 d5  1/2-1/2

[Event "AUT-chT2S 9697"]
[Site "Austria"]
[Date "1997.??.??"]
[Round "10"]
[White "Starc, Christian"]
[Black "Kwatschewsky, Leo"]
[Result "0-1"]
[WhiteElo "2250"]
[BlackElo "2190"]

1.d4 Nf6 2.c4 e6 3.Nf3 b6 4.g3 Ba6 5.b3 Bb4+ 6.Bd2 Be7 7.Bg2 c6 8.O-O O-O
9.Bc3 d5 10.Ne5 Nfd7 11.Nxd7 Nxd7 12.Nd2 b5 13.Re1 Rc8 14.e4 dxe4 15.Bxe4 Nf6
16.Bg2 Bb7 17.Rc1 Ba8 18.Ne4 bxc4 19.bxc4 Nxe4 20.Bxe4 Bf6 21.Qc2 g6 22.Rcd1 Bg7
23.Bb4 Re8 24.Qa4 Bxd4 25.Bc5 e5 26.Qxa7 Rc7 27.Qa4 Qf6 28.Bxd4 exd4 29.Bd3 Rce7
30.Rxe7 Qxe7 31.Qa5 c5 32.Qb5 Kg7 33.h3 Qe5 34.Kh2 Qf6 35.Rd2 Qf3  0-1

[Event "Wch Seniors"]
[Site "Bad Wildbad"]
[Date "1997.??.??"]
[Round "2"]
[White "Dinser, Hans"]
[Black "Darga, Klaus"]
[Result "0-1"]
[WhiteElo "2055"]
[BlackElo "2450"]

1.d4 Nf6 2.c4 e6 3.Nf3 b6 4.g3 Ba6 5.b3 Bb4+ 6.Bd2 Be7 7.Nc3 Bb7 8.Bg2 O-O
9.O-O d5 10.cxd5 exd5 11.Rc1 Ne4 12.Bf4 Na6 13.Ne5 Ba3 14.Rc2 Nb4 15.Nxe4 dxe4
16.Rd2 g5 17.Nc4 gxf4 18.Nxa3 Qe7 19.Nc4 Nd5 20.e3 f3 21.Bxf3 exf3 22.Qxf3 Rae8
23.h3 f6 24.Kh2 Ba8 25.Qf5 Kh8 26.Rb2 Nc3 27.Qc2 Ne4 28.f3 Ng5 29.Qf5 b5
30.Qxb5 Nxf3+ 31.Rxf3 Bxf3 32.Rf2 c6 33.Qf5 Bd5  0-1